000 00418nam a22001697a 4500
005 20160523172136.0
008 160523b xxu||||| |||| 00| 0 eng d
020 _a978-0-7-070113-7
041 _aeng
082 _b4464
100 _aPrersman, Roger S.
_91101
245 _aSoftware Engineering
260 _aNew Delhi
_bAcademic Faundation
300 _a904
650 _aInformation Technology
_9137
942 _cBK
999 _c1495
_d1495